[Event "Cheliabinsk Variation-A"]
[Site "Cheliabinsk"]
[Date "2022.04.04"]
[Round "4"]
[White "Zharkov, Nikolay"]
[Black "Ansat, Aldiyar"]
[Result "1-0"]
[WhiteElo "2154"]
[BlackElo "2328"]
[PlyCount "101"]
[EventDate "2022.04.01"]
[EventType "swiss"]
[EventRounds "9"]
[EventCountry "RUS"]
[SourceTitle "CBM 207 Extra"]
[Source "ChessBase"]
[SourceDate "2022.05.31"]
[SourceVersion "1"]
[SourceVersionDate "2022.05.31"]
[SourceQuality "1"]

1. e4 c5 2. Nf3 d6 3. d4 cxd4 4. Nxd4 Nf6 5. Nc3 a6 6. h3 e5 7. Nde2 h5 8. Bg5 Be6 9. Bxf6 Qxf6 10. Nd5 Qd8 11. Nec3 g6 12. Bc4 Bh6 13. 0-0 0-0 14. a4 Nc6 15. Qd3 Rc8 16. Rfd1 Nd4 17. b3 f5 18. exf5 gxf5 19. Ne2 Nxe2+ 20. Qxe2 Bf7 21. a5 h4 22. Nb6 Rc6 23. Bd5 Bxd5 24. Rxd5 Qg5 25. Rad1 Rf6 26. Nc4 Rg6 27. Qf1 Bf8 28. f4 exf4 29. Qf3 Rc7 30. R1d2 Re7 31. Rf2 Re1+ 32. Rf1 Rge6 33. Rd1 R1e2 34. Rf2 R2e4 35. Nd2 Re1+ 36. Rxe1 Rxe1+ 37. Rf1 Qe7 38. Qxf4 Rxf1+ 39. Kxf1 Qf6 40. Qc4+ Qf7 41. Qxh4 d5 42. Nf3 Be7 43. Qg3+ Qg7 44. Qb8+ Bf8 45. Qd8 Qa1+ 46. Ke2 d4 47. Qd5+ Kh8 48. Qxf5 Bg7 49. Ng5 d3+ 50. cxd3 Kg8 51. Qe6+ 1-0

[Event "Urals-ch"]
[Site "Cheliabinsk"]
[Date "2022.03.22"]
[Round "7"]
[White "Zharkov, Nikolay"]
[Black "Pridorozhni, Aleksei"]
[Result "0-1"]
[WhiteElo "2138"]
[BlackElo "2556"]
[PlyCount "140"]
[EventDate "2022.03.16"]
[EventType "swiss"]
[EventRounds "9"]
[EventCountry "RUS"]
[SourceTitle "CBM 207 Extra"]
[Source "ChessBase"]
[SourceDate "2022.05.31"]
[SourceVersion "1"]
[SourceVersionDate "2022.05.31"]
[SourceQuality "1"]

1. e4 c5 2. Nf3 Nc6 3. d4 cxd4 4. Nxd4 Qb6 5. Nb3 Nf6 6. Nc3 e6 7. Be3 Qc7 8. Bd3 a6 9. a4 b6 10. 0-0 d6 11. f4 Bb7 12. Qf3 Be7 13. Nd2 d5 14. e5 Nd7 15. Bf2 g6 16. Ne2 Nb4 17. c3 Nxd3 18. Qxd3 0-0 19. Nd4 Nc5 20. Qc2 Qd7 21. a5 bxa5 22. Rxa5 Rfc8 23. Ra2 a5 24. N2b3 Nxb3 25. Qxb3 a4 26. Qc2 a3 27. Rb1 Ba6 28. b4 Bc4 29. Raa1 Bd8 30. Nf3 Qb5 31. Rc1 Bd3 32. Qb3 Qa6 33. Bd4 Bb6 34. h3 a2 35. Qb2 Bxd4+ 36. Nxd4 Bb1 37. Nf3 Qa3 38. Qd2 Ra7 39. Nd4 Rb7 40. Ne2 Rbc7 41. Rcxb1 axb1Q+ 42. Rxb1 Qa7+ 43. Kh2 Qf2 44. Rb2 Rc4 45. b5 Rb8 46. Qc1 d4 47. Ng3 Qe3 48. Qxe3 dxe3 49. Ne2 Rc5 50. Rb4 Rbxb5 51. Re4 g5 52. Kg3 Rb2 53. Rxe3 gxf4+ 54. Kxf4 Rc4+ 55. Kf3 Rc2 56. g4 Kg7 57. Kg3 h5 58. gxh5 Kh6 59. Kf3 Kxh5 60. Ng3+ Kh4 61. Ne4 Ra4 62. Nd6 Rc1 63. Ke2 Ra2+ 64. Kd3 f5 65. Nb5 Rd1+ 66. Kc4 Ra4+ 67. Kb3 Re4 68. Rxe4+ fxe4 69. Kc2 Rd5 70. Nd4 Kg3 0-1

[Event "Cheliabinsk Panchenko Memorial op"]
[Site "Cheliabinsk"]
[Date "2019.09.16"]
[Round "8"]
[White "Zharkov, Nikolay"]
[Black "Khannanova, Kamila"]
[Result "1-0"]
[WhiteElo "2109"]
[BlackElo "1140"]
[PlyCount "51"]
[EventDate "2019.09.09"]
[EventType "swiss"]
[EventRounds "9"]
[EventCountry "RUS"]
[SourceTitle "EXT 2020"]
[Source "ChessBase"]
[SourceDate "2019.10.17"]
[SourceVersion "1"]
[SourceVersionDate "2019.10.17"]
[SourceQuality "1"]

1. e4 e5 2. d4 exd4 3. Qxd4 Nc6 4. Qe3 Be7 5. Nc3 Nf6 6. Bd2 d6 7. 0-0-0 Be6 8. Nf3 Ng4 9. Qe1 Qd7 10. h3 Nge5 11. Nxe5 Nxe5 12. f4 Nc4 13. f5 Nxd2 14. fxe6 Qxe6 15. Qxd2 h6 16. Kb1 c6 17. Be2 Qg6 18. Bg4 h5 19. Bf5 Qg3 20. e5 d5 21. e6 f6 22. Qd3 Qxd3 23. Rxd3 0-0-0 24. Ne2 Rh6 25. Nf4 Bd6 26. e7+ 1-0

[Event "Cheliabinsk Panchenko Memorial op"]
[Site "Cheliabinsk"]
[Date "2019.09.11"]
[Round "3"]
[White "Nesterov, Arseniy"]
[Black "Zharkov, Nikolay"]
[Result "1-0"]
[WhiteElo "2473"]
[BlackElo "2109"]
[PlyCount "89"]
[EventDate "2019.09.09"]
[EventType "swiss"]
[EventRounds "9"]
[EventCountry "RUS"]
[SourceTitle "EXT 2020"]
[Source "ChessBase"]
[SourceDate "2019.10.17"]
[SourceVersion "1"]
[SourceVersionDate "2019.10.17"]
[SourceQuality "1"]

1. d4 g6 2. e4 Bg7 3. Nf3 d6 4. Bc4 Nc6 5. 0-0 Nf6 6. e5 dxe5 7. Nxe5 Qxd4 8. Bxf7+ Kf8 9. Nxc6 Qxd1 10. Rxd1 Kxf7 11. Ne5+ Ke8 12. Nc3 c6 13. Re1 Bf5 14. Be3 Bxc2 15. Bc5 Ng8 16. g4 b6 17. Ba3 Bxe5 18. Rxe5 Rd8 19. Rc1 Bd3 20. Nd1 c5 21. b4 Nf6 22. bxc5 Nxg4 23. Re1 bxc5 24. Rxc5 Kf7 25. Rc7 Rhe8 26. h3 Nf6 27. Rexe7+ Rxe7 28. Rxe7+ Kg8 29. Bb2 Nh5 30. Ne3 Be2 31. Rxa7 Rb8 32. Be5 Rb5 33. f4 g5 34. Nf5 gxf4 35. Nh6+ Kf8 36. Bd6+ Ke8 37. Re7+ Kd8 38. Nf7+ Kc8 39. Rxe2 Rb1+ 40. Kf2 Rh1 41. Re7 Rc1 42. Be5 Rc2+ 43. Kf3 Ng3 44. Nd6+ Kb8 45. Bxf4 1-0

[Event "Cheliabinsk Panchenko Memorial op"]
[Site "Cheliabinsk"]
[Date "2019.09.10"]
[Round "2"]
[White "Zharkov, Nikolay"]
[Black "Nugumanov, Bakhtiyar"]
[Result "1/2-1/2"]
[WhiteElo "2109"]
[BlackElo "2387"]
[PlyCount "110"]
[EventDate "2019.09.09"]
[EventType "swiss"]
[EventRounds "9"]
[EventCountry "RUS"]
[SourceTitle "EXT 2020"]
[Source "ChessBase"]
[SourceDate "2019.10.17"]
[SourceVersion "1"]
[SourceVersionDate "2019.10.17"]
[SourceQuality "1"]

1. e4 c6 2. Nc3 d5 3. Nf3 Bg4 4. h3 Bxf3 5. Qxf3 e6 6. Be2 Nf6 7. 0-0 Nbd7 8. d4 dxe4 9. Nxe4 Nxe4 10. Qxe4 Nf6 11. Qh4 Bd6 12. Bg5 h6 13. Bxf6 gxf6 14. c4 Bc7 15. Rfd1 f5 16. Qxd8+ Rxd8 17. Bf3 Ke7 18. Rac1 Bf4 19. Rc3 Rd7 20. g3 Bb8 21. d5 Rhd8 22. Re1 cxd5 23. cxd5 e5 24. g4 fxg4 25. hxg4 h5 26. gxh5 f5 27. Bg2 e4 28. f3 Be5 29. fxe4 Bxc3 30. bxc3 fxe4 31. Rxe4+ Kf6 32. Rb4 Rc8 33. Rb3 Ke5 34. Kf2 Rf8+ 35. Bf3 Rxd5 36. Rxb7 Rd2+ 37. Ke3 Rxa2 38. Rb5+ Kd6 39. Be4 Rh2 40. Ra5 Re8 41. Kf3 Rh3+ 42. Kg4 Rxc3 43. Bg6 Re7 44. h6 Rc8 45. h7 Rh8 46. Kf5 Kc6 47. Ra1 Rhxh7 48. Bxh7 Rxh7 49. Ke4 Rd7 50. Ke3 Kc5 51. Ke2 Kc4 52. Rd1 Rh7 53. Kd2 Kb3 54. Rb1+ Ka2 55. Rb5 Rc7 1/2-1/2

[Event "Eurasia Cup op"]
[Site "Ekaterinburg"]
[Date "2019.08.08"]
[Round "8"]
[White "Zharkov, Nikolay"]
[Black "Lysenko, Margarita"]
[Result "1-0"]
[WhiteElo "2067"]
[BlackElo "2224"]
[PlyCount "73"]
[EventDate "2019.07.31"]
[EventType "swiss"]
[EventRounds "9"]
[EventCountry "RUS"]
[SourceTitle "CBM 191 Extra"]
[Source "ChessBase"]
[SourceDate "2019.09.30"]
[SourceVersion "1"]
[SourceVersionDate "2019.09.30"]
[SourceQuality "1"]

1. e4 Nf6 2. e5 Nd5 3. Nf3 d6 4. d4 g6 5. Bc4 c6 6. 0-0 Bg7 7. h3 0-0 8. Re1 h6 9. Bb3 dxe5 10. Nxe5 Nd7 11. c4 N5f6 12. Bf4 Nxe5 13. Bxe5 Nh5 14. Nc3 Bxe5 15. Rxe5 e6 16. Qd2 Kg7 17. Rae1 Nf6 18. Bc2 Qb6 19. Na4 Qc7 20. Qc3 a6 21. R5e3 Rd8 22. Rf3 Qd6 23. Rd1 Qe7 24. Qe3 Ng8 25. c5 b5 26. Nc3 Qg5 27. Rf4 e5 28. dxe5 Bxh3 29. g3 Rxd1+ 30. Bxd1 Be6 31. Bb3 Bxb3 32. axb3 Qe7 33. Qf3 Rc8 34. Ne4 Rc7 35. Nd6 Qe6 36. b4 h5 37. Kg2 1-0

[Event "Eurasia Cup op"]
[Site "Ekaterinburg"]
[Date "2019.08.06"]
[Round "6"]
[White "Zharkov, Nikolay"]
[Black "Garifullina, Leya"]
[Result "1/2-1/2"]
[WhiteElo "2067"]
[BlackElo "2268"]
[PlyCount "81"]
[EventDate "2019.07.31"]
[EventType "swiss"]
[EventRounds "9"]
[EventCountry "RUS"]
[SourceTitle "CBM 191 Extra"]
[Source "ChessBase"]
[SourceDate "2019.09.30"]
[SourceVersion "1"]
[SourceVersionDate "2019.09.30"]
[SourceQuality "1"]

1. e4 e5 2. d4 exd4 3. Qxd4 Nc6 4. Qe3 Nf6 5. Nc3 Bb4 6. Bd2 0-0 7. 0-0-0 Re8 8. f3 d5 9. Qf2 dxe4 10. Bg5 Qe7 11. Nd5 Qe5 12. Bxf6 gxf6 13. fxe4 Kh8 14. Bb5 Qg5+ 15. Kb1 Bd6 16. Nf3 Qh6 17. Nd4 Rf8 18. Bxc6 bxc6 19. Nxc6 Bb7 20. Nd4 Be5 21. Nf3 Bxd5 22. exd5 Bd6 23. Nd4 Be5 24. Nc6 a5 25. Rde1 Qg7 26. Qf5 a4 27. Nxe5 fxe5 28. Qxe5 f6 29. Qe7 Rf7 30. Qe4 a3 31. b3 Rff8 32. g3 Qg5 33. Rhf1 Qh6 34. Qf4 Qg7 35. Re6 Rf7 36. Rfe1 Qf8 37. Qd4 Rd8 38. Rf1 Qg7 39. Qa4 Qf8 40. d6 Ra8 41. Qd4 1/2-1/2

[Event "Eurasia Cup op"]
[Site "Ekaterinburg"]
[Date "2019.08.01"]
[Round "2"]
[White "Zharkov, Nikolay"]
[Black "Korotaev, Yaroslav"]
[Result "1/2-1/2"]
[WhiteElo "2067"]
[BlackElo "1779"]
[PlyCount "70"]
[EventDate "2019.07.31"]
[EventType "swiss"]
[EventRounds "9"]
[EventCountry "RUS"]
[SourceTitle "CBM 191 Extra"]
[Source "ChessBase"]
[SourceDate "2019.09.30"]
[SourceVersion "1"]
[SourceVersionDate "2019.09.30"]
[SourceQuality "1"]

1. e4 c5 2. Nf3 d6 3. d4 cxd4 4. Nxd4 Nf6 5. Nc3 g6 6. f3 Bg7 7. Be3 0-0 8. Qd2 Nc6 9. 0-0-0 Bd7 10. Bc4 Rb8 11. Bb3 Na5 12. h4 b5 13. h5 Nc4 14. Bxc4 bxc4 15. hxg6 fxg6 16. Qe2 Qc7 17. Qe1 Qb7 18. b3 Rfc8 19. g4 Qb4 20. Kb2 a5 21. g5 Nh5 22. Nd5 Qxe1 23. Rhxe1 Kf7 24. a3 Rb7 25. Rb1 e6 26. Nc3 Rbc7 27. b4 axb4 28. axb4 Rb7 29. b5 Bxb5 30. Ncxb5 Rxb5+ 31. Kc3 Rbc5 32. Rb7+ R5c7 33. Reb1 Be5 34. f4 Bxf4 35. Bxf4 Nxf4 1/2-1/2

[Event "RUS-ch Eurasia Cup op"]
[Site "Ekaterinburg"]
[Date "2018.08.07"]
[Round "6"]
[White "Dovbnia, Nikita"]
[Black "Zharkov, Nikolay"]
[Result "1/2-1/2"]
[WhiteElo "1698"]
[BlackElo "2040"]
[PlyCount "60"]
[EventDate "2018.08.01"]
[EventType "swiss"]
[EventRounds "9"]
[EventCountry "RUS"]
[SourceTitle "CBM 185 Extra"]
[Source "ChessBase"]
[SourceDate "2018.07.29"]
[SourceVersion "1"]
[SourceVersionDate "2018.07.29"]
[SourceQuality "1"]

1. d4 g6 2. c4 Bg7 3. e4 d6 4. Nc3 e5 5. dxe5 dxe5 6. Qxd8+ Kxd8 7. f4 c6 8. Nf3 f6 9. h3 Kc7 10. Kf2 Nd7 11. Be3 Nh6 12. fxe5 Nxe5 13. Nxe5 fxe5 14. Be2 Be6 15. Rhf1 Nf7 16. Kg3 h5 17. Rad1 b6 18. b3 Rad8 19. Kh2 Rxd1 20. Rxd1 Rd8 21. Kg3 Rxd1 22. Nxd1 Bf6 23. Kf2 Nd8 24. Bf1 Bd7 25. Nc3 Ne6 26. g3 Kd6 27. Bc1 Nd4 28. Ba3+ Kc7 29. h4 g5 30. hxg5 Bxg5 1/2-1/2

[Event "Nezhmetdinov Memorial 38th"]
[Site "Kazan"]
[Date "2016.06.07"]
[Round "8"]
[White "Zharkov, Nikolay"]
[Black "Skvortsov, Vladimir"]
[Result "0-1"]
[WhiteElo "1629"]
[BlackElo "2016"]
[PlyCount "90"]
[EventDate "2016.05.31"]
[EventType "swiss"]
[EventRounds "9"]
[EventCountry "RUS"]
[SourceTitle "CBM 172 Extra"]
[Source "ChessBase"]
[SourceDate "2016.06.21"]
[SourceVersion "1"]
[SourceVersionDate "2016.06.21"]
[SourceQuality "1"]

1. Nf3 d5 2. c4 c6 3. b3 a5 4. g3 Bf5 5. Bg2 e6 6. 0-0 Nd7 7. Bb2 Ngf6 8. d3 a4 9. a3 axb3 10. Qxb3 Nc5 11. Qd1 Na4 12. Be5 Nd7 13. cxd5 exd5 14. Bf4 Be7 15. Re1 Ndc5 16. Nbd2 0-0 17. Nb3 Bf6 18. Nxc5 Nxc5 19. d4 Na4 20. Qb3 Qe7 21. Rac1 Be4 22. Be5 Bxe5 23. Nxe5 Bxg2 24. Kxg2 f6 25. Nf3 Kh8 26. Nd2 Qf7 27. Qb4 Rfd8 28. Kg1 Qf8 29. Qxb7 c5 30. dxc5 Nxc5 31. Qb4 Ne6 32. Qxf8+ Rxf8 33. Rc6 Nd4 34. Rc5 Rfd8 35. e3 Ne6 36. Rc6 Ng5 37. h4 Nf7 38. Ra1 Ne5 39. Rb6 d4 40. exd4 Rxd4 41. Nb3 Rd3 42. a4 f5 43. a5 f4 44. a6 Nf3+ 45. Kf1 Rxb3 0-1

[Event "Nezhmetdinov Memorial 38th"]
[Site "Kazan"]
[Date "2016.06.06"]
[Round "7"]
[White "Elkin, Leonid"]
[Black "Zharkov, Nikolay"]
[Result "1-0"]
[WhiteElo "2055"]
[BlackElo "1629"]
[PlyCount "76"]
[EventDate "2016.05.31"]
[EventType "swiss"]
[EventRounds "9"]
[EventCountry "RUS"]
[SourceTitle "CBM 172 Extra"]
[Source "ChessBase"]
[SourceDate "2016.06.21"]
[SourceVersion "1"]
[SourceVersionDate "2016.06.21"]
[SourceQuality "1"]

1. e4 g6 2. d4 Bg7 3. Nf3 d6 4. c4 Nd7 5. Nc3 Ngf6 6. Be2 0-0 7. 0-0 c5 8. d5 a6 9. a4 Rb8 10. Ne1 Re8 11. f4 Nf8 12. Bd3 e6 13. Nf3 exd5 14. exd5 Bd7 15. Qc2 Qc7 16. Bd2 b5 17. axb5 axb5 18. Nxb5 Bxb5 19. cxb5 Nxd5 20. f5 Rec8 21. fxg6 hxg6 22. Ng5 c4 23. Be4 Nf6 24. Bc6 Qb6+ 25. Kh1 Rxc6 26. bxc6 Qxc6 27. Bc3 d5 28. Ra7 N8d7 29. Qf2 Rf8 30. Rxd7 Nxd7 31. Qh4 Ra8 32. Qh7+ Kf8 33. Qxg7+ Ke8 34. Qxf7+ Kd8 35. h3 Kc8 36. Qe6 Qxe6 37. Nxe6 Ra6 38. Nf4 Rd6 1-0

[Event "Nezhmetdinov Memorial 38th"]
[Site "Kazan"]
[Date "2016.06.02"]
[Round "3"]
[White "Tunik, Gennady"]
[Black "Zharkov, Nikolay"]
[Result "1-0"]
[WhiteElo "2404"]
[BlackElo "1629"]
[PlyCount "69"]
[EventDate "2016.05.31"]
[EventType "swiss"]
[EventRounds "9"]
[EventCountry "RUS"]
[SourceTitle "CBM 172 Extra"]
[Source "ChessBase"]
[SourceDate "2016.06.21"]
[SourceVersion "1"]
[SourceVersionDate "2016.06.21"]
[SourceQuality "1"]

1. d4 Nf6 2. c4 g6 3. Nc3 Bg7 4. e4 0-0 5. Nf3 d6 6. Be2 e5 7. Be3 Ng4 8. Bg5 f6 9. Bh4 g5 10. Bg3 Nh6 11. dxe5 fxe5 12. h3 Nc6 13. Qd2 Nf7 14. Nh2 Be6 15. Nd5 Nd4 16. Bg4 c6 17. Ne3 Qd7 18. 0-0 Bxg4 19. hxg4 Nh6 20. f3 Ne6 21. Rad1 Rad8 22. Rf2 Nf4 23. Nhf1 Qe6 24. Bh2 Rf7 25. Qc2 Rfd7 26. Rfd2 Nf7 27. Qb3 a6 28. Qb6 Qg6 29. Ng3 h5 30. gxh5 Nxh5 31. Ngf5 Nh6 32. Qxd8+ Rxd8 33. Ne7+ Kf7 34. Nxg6 Kxg6 35. Rxd6+ 1-0